Working Group on Short-Term Economic Prospects Secretariat and Country Forecasts

Uložené v:
Podrobná bibliografia
Médium: Kniha
Jazyk:English
Vydavateľské údaje: Paris OECD 1993
Predmet:
Tagy: Pridať tag
Žiadne tagy, Buďte prvý, kto otaguje tento záznam!

MARC

LEADER 00000nam a2200000 4500
001 c005381
005 20240422080558.6
041 0 |a eng 
044 |a FR 
245 1 0 |a Working Group on Short-Term Economic Prospects  |b Secretariat and Country Forecasts 
264 1 |a Paris  |b OECD  |c 1993 
300 |a 37 s. 
610 2 0 |a prognózy 
610 2 0 |a dopyt 
610 2 0 |a spotreba osobná 
610 2 0 |a tovar 
610 2 0 |a vývoz 
610 2 0 |a dovoz 
610 2 0 |a ceny dovozné 
610 2 0 |a ceny vývozné 
610 2 0 |a trh